000
00258nam a22001217a 4500
008
180117b xxu||||| |||| 00| 0 eng d
041
_a
eng
080
_a
94
100
_a
16
101
_a
HIS
245
_a
THE ARGENTINE REPUBLIC
_c
DENIS,P
942
_2
udc
_c
BK
999
_c
40414
_d
40414